[Event "Cellavision Cup 2018"]
[Site "Lund"]
[Date "2018.08.05"]
[Round "8"]
[White "Johansson, Linus"]
[Black "Hoi, Carsten"]
[Result "1/2-1/2"]
[WhiteElo "2457"]
[BlackElo "2380"]
[Annotator "TA"]
[PlyCount "97"]
[EventDate "2018.08.03"]
[EventType "swiss"]
[EventCountry "SWE"]
[SourceTitle "playchess.com"]
[Source "ChessBase"]
[SourceQuality "1"]

{[%evp 20,97,47,40,31,39,53,20,15,9,14,11,60,35,50,32,71,49,73,59,50,44,56,39,16,14,18,-7,0,-28,-33,-33,-37,-46,-23,-56,-34,-37,-39,-35,-33,-97,-35,-31,0,0,0,-11,-12,-15,-13,-16,-25,-25,0,-42,-42,-40,-38,-39,-39,-39,-39,-45,-42,-39,0,0,0,-12,-12,-12,-12,-12,-8,-12,-8,-29,-20,-20]} 1. d4 Nf6 2. c4 g6 3. Nc3 Bg7 4. e4 d6 5. Bd3 O-O 6. Nge2 c6 7. O-O a6 8. a4 a5 9. f3 e5 10. Be3 Nbd7 11. d5 {LiveBook: 3 Games. E81: King's Indian: Sämisch: 6th move deviations (including 6 Be3 c6)} Nc5 12. Bc2 cxd5 13. Bxc5 $146 {White is slightly better.} ({Predecessor:} 13. cxd5 Bd7 14. Kh1 Ne8 15. Qd2 f5 16. exf5 gxf5 17. f4 b6 {½-½ (17) Nielsen,P (2440)-Gipslis,A (2490) Aalborg 1993}) 13... dxc5 14. cxd5 Ne8 15. Nb5 Qg5 16. Bb3 Bd7 17. Nec3 Rd8 18. Qd3 h5 19. Rad1 h4 20. d6 Bh6 21. Rfe1 Nf6 22. Nd5 Nh5 23. Qe3 Bxb5 24. axb5 Rxd6 {aiming for ...Qxe3+.} 25. Qxc5 Rfd8 26. Kf1 Kg7 27. b6 h3 {[%csl Gh3][%cal Rg5g2] [#]} 28. g3 $1 Nf6 29. Qxa5 Nxd5 30. Rxd5 (30. Bxd5 $15 Rc8 31. Qb5 (31. Bxb7 Rxd1 32. Bxc8 Qc1 $17)) 30... Rf6 ({Black should try} 30... Qf6 $17 31. Qc3 Rc6) 31. Kf2 $15 Rdd6 {( -> ...Rxf3+!)} (31... Qg4 $5 32. Qc3 Qe6 $11) 32. Rxd6 ({Wrong is} 32. Rxe5 $2 {[#]} Rxf3+ $1 {[%mdl 512]} 33. Kxf3 Rd3+ 34. Kf2 Qf6+ 35. Rf5 (35. Kg1 {is a self mate.} Qf3 36. Qd2 Bxd2 37. Re2 Qxe2 38. Kh1 Qg2#) 35... gxf5 $19) 32... Rxd6 33. f4 exf4 34. Qxg5 Bxg5 $11 {[%mdl 4096] Endgame KRB-KRB} 35. Bd5 Rxb6 36. Re2 Kf6 37. e5+ Ke7 38. b3 Rb5 39. Bc4 Rc5 40. Ra2 Rxe5 41. Ra7 fxg3+ 42. Kxg3 Kf6 43. Rxb7 {[%csl Gc4][%cal Rb7f7]} Re7 44. Rb6+ Kg7 45. Kxh3 f5 46. Rc6 Re3+ 47. Kg2 Rc3 48. Re6 Rc2+ 49. Re2 {Precision: White = 50%, Black = 48%.} 1/2-1/2

[Event "Cellavision Cup 2018"]
[Site "Lund"]
[Date "2018.08.05"]
[Round "8"]
[White "Cramling, Pia"]
[Black "Hillarp Persson, Tiger"]
[Result "1/2-1/2"]
[WhiteElo "2453"]
[BlackElo "2542"]
[Annotator "TA"]
[PlyCount "206"]
[EventDate "2018.08.03"]
[EventType "swiss"]
[EventCountry "SWE"]
[SourceTitle "playchess.com"]
[Source "ChessBase"]
[SourceQuality "1"]

{[%evp 21,206,-9,-8,0,0,-26,-25,-29,-23,-41,0,0,0,0,0,0,-10,-6,40,53,68,60,64,43,62,57,62,54,96,62,102,80,93,70,62,-51,-51,-43,-35,-35,-49,-44,0,-71,-69,-138,-124,-178,-108,-190,-191,-171,-172,-819,-767,-754,-606,-708,-697,-697,-677,-689,-685,-675,-657,-596,-171,-171,-115,-171,-171,-171,-171,-171,-171,-171,-171,-171,-78,-78,-78,-78,-78,-114,-78,-78,-78,-78,-78,-78,-78,-78,-78,-78,-78,-78,0,0,0,-79,-79,-134,-86,-86,-78,-78,-78,-104,-98,-112,-78,-140,-112,-348,-112,-113,-113,-113,-96,-96,-96,-96,-96,-96,-96,-96,-96,-96,-96,-96,-96,-96,-96,-96,-25,-25,-25,-25,-25,-25,-25,-25,-25,-25,-25,-25,0,-74,-74,-74,-25,-74,-74,-74,-74,-74,-74,-74,-74,-74,-74,-74,-74,-74,-74,-74,-74,-74,-74,-74,-74,-74,-8,-8,-8,-8,0,-74,-8,-8,-8,-8,-8,-8,-8,-8,-8]} 1. d4 Nf6 2. Nf3 g6 3. c4 Bg7 4. Nc3 O-O 5. e4 d6 6. Be2 Na6 7. h3 e5 8. dxe5 dxe5 9. Be3 c6 10. O-O Qe7 11. Qc2 {E91: Königsindisch (Klassisches System)} Nh5 {LiveBook: 7 Partien} 12. Rfe1 (12. Rfd1 Nf4 13. Bf1 Nc5 14. b4 Nce6 15. c5 a5 16. b5 Qf6 17. bxc6 bxc6 18. Rd6 Nxh3+ {1-0 (40) Carlsen,M (2832)-Guseinov,G (2645) chess.com INT 2017}) 12... Nf4 13. Bf1 Qf6 14. Nd2 Rd8 15. a3 Bf8 $146 ({Vorgänger:} 15... Nc7 16. c5 {1-0 (59) Ogaard,L (2435)-Gabrielsen,S (2225) Gausdal 1996}) 16. b4 Nc7 {[%cal Ba6c7,Bc7e6,Be6f4][%mdl 32]} 17. Nb3 Nce6 18. Rad1 Re8 19. Ne2 h5 20. c5 Nxe2+ 21. Qxe2 Nf4 22. Qc2 g5 23. Na5 g4 24. hxg4 hxg4 25. Nc4 Qh4 26. g3 Nh3+ 27. Bxh3 Qxh3 28. Qe2 (28. Bg5 $14) 28... f6 $1 $15 29. Qf1 Qh5 30. Nd6 Bxd6 $1 31. Rxd6 Be6 32. Red1 (32. b5 $11 {bleibt in der Remisbreite.}) 32... Kf7 $17 33. Qg2 (33. Qd3 $1 $15) 33... Rh8 34. a4 (34. Bc1 $17 {kämpft weiter.}) 34... a6 (34... a5 $1 $19 {[%cal Ra5b4]} 35. Rb1 axb4 36. Rxb4 Bc8) 35. Kf1 (35. a5 $17) 35... a5 $1 $19 {[%cal Ra5b4]} 36. bxa5 Rxa5 37. Rd8 $2 (37. Kg1) 37... Rxd8 38. Rxd8 Rxa4 39. Ke2 Ra1 40. Rd1 Ra2+ 41. Rd2 Bc4+ 42. Ke1 Qh3 43. Qg1 Ra1+ $2 (43... Ra3 44. Rd6 Bd3) 44. Rd1 Rxd1+ 45. Kxd1 {[#]} Qh7 $1 {[%cal Rh7e4]} 46. Qg2 Bd3 47. Kd2 Bxe4 48. Qf1 Bd5 49. Qa1 Qe4 (49... Bc4 $19 {ist viel giftiger. Und weiter mit ...Dd3+ wäre nett.} 50. Qc3 Be6) 50. Qb2 $17 Bc4 {...Dd3+ ist eine echte Drohung.} 51. Qxb7+ Kg6 52. Qd7 Bd5 53. Qe8+ Bf7 54. Qb8 Qd5+ 55. Kc1 Qc4+ 56. Kd2 Qa2+ 57. Kc3 Qa3+ 58. Kc2 Be6 59. Qe8+ $1 Bf7 60. Qb8 $1 Kf5 61. Qb2 ({Lieber} 61. Qb7 Kg6 62. Qb2) 61... Qa4+ 62. Kd2 Bb3 63. Qb1+ Ke6 {Weiss muss nun ...Db4+ beachten.} 64. Qb2 f5 65. Ke1 Bc4 66. Bd2 (66. Qb8 $142) 66... Bb5 67. Qc3 $2 (67. Bb4 $17) 67... Kd5 $2 (67... f4 $19 68. gxf4 exf4) 68. Bc1 Qe4+ 69. Qe3 Qb4+ (69... Qd4 {with more complications.} 70. Qd2 Kxc5 71. Qc2+ Kd5 72. Bb2 Qe4+) 70. Qd2+ Qxd2+ 71. Kxd2 Kxc5 {[%mdl 4096] Endspiel KL-KL} 72. Bb2 Kd5 73. Ke3 Bf1 74. Ba1 Ba6 75. Bb2 Bc8 76. Ba1 c5 77. Bb2 f4+ (77... Bd7 $17 78. Bc3 Kd6) 78. gxf4 $11 e4 79. Bf6 Bf5 80. Kd2 Kc4 81. Be7 Kb5 82. Bh4 Ka4 83. Kc3 Kb5 84. Kb3 (84. Kd2 $1 $11 {war der einzige Weg, das Gleichgewicht zu behalten.}) 84... Kc6 85. Kc4 Be6+ 86. Kc3 {[#]} e3 $1 {[%mdl 512]} 87. fxe3 Kd5 88. Kd3 c4+ 89. Ke2 Ke4 90. Be1 Bf5 91. Kf2 Kd3 {zielt auf ...c3 ab.} 92. Bb4 c3 93. Ba3 Bc8 94. Bc1 Kc2 95. Ba3 Kb3 96. Bc1 {[#]} Bf5 (96... Kc4 $1 $17) 97. Kg3 Kc2 98. Ba3 Kd3 ({Besser ist} 98... Kd2 $11 99. Bb4 Bd7) 99. Kf2 $17 Kd2 (99... Kc4 $17 100. Kg3 Kd3 101. Kf2) 100. Bb4 $11 {Die Stellung ist ausgeglichen.} Kc2 101. Kg3 Kd3 {[#] Droht ...c2 und aus.} 102. Bxc3 $1 {[%mdl 512]} Kxc3 {[#]} 103. e4 $1 {[%cal Re4f5][%mdl 512]} Bxe4 {Precision: Weiß = 65%, Schwarz = 57%.} 1/2-1/2

[Event "Cellavision Cup 2018"]
[Site "Lund"]
[Date "2018.08.05"]
[Round "8"]
[White "Jepson, Christian"]
[Black "Sivuk, Vitaly"]
[Result "0-1"]
[WhiteElo "2415"]
[BlackElo "2535"]
[Annotator "TA"]
[PlyCount "70"]
[EventDate "2018.08.03"]
[EventType "swiss"]
[EventCountry "SWE"]
[SourceTitle "playchess.com"]
[Source "ChessBase"]
[SourceQuality "1"]

{[%evp 15,70,8,29,-32,-28,-45,-38,-45,-50,-44,-50,-55,-53,-60,-65,-67,-58,-50,-46,-32,-39,-86,0,0,23,-88,-85,-109,-38,-97,-14,-7,-5,-59,-6,-11,-11,-131,0,-155,-149,-150,-150,-281,-279,-277,-280,-305,-289,-342,-341,-334,-333,-324,-334,-323,-289]} 1. d4 Nf6 2. c4 e6 3. Nc3 d5 4. Nf3 dxc4 5. e4 Bb4 6. Bg5 h6 7. Bxf6 Qxf6 8. Bxc4 c5 {LiveBook: 134 Games} 9. a3 {D39: Queen's Gambit Declined: Ragozin Defence with 5 Bg5 dxc4} (9. e5 $11 Qd8 10. dxc5) (9. O-O cxd4 10. e5 Qd8 11. Ne4 O-O 12. Qe2 Be7 13. Rad1 Qc7 14. Bd3 Nd7 15. Rc1 Qa5 16. g4 Nxe5 17. Nxe5 Qxe5 {0-1 (37) Aronian,L (2794)-Caruana,F (2784) Berlin 2018}) 9... cxd4 $15 10. axb4 dxc3 11. e5 {Black is slightly better.} Qf4 12. b3 $146 ({Predecessor:} 12. Qe2 cxb2 13. Rd1 O-O 14. O-O b5 15. Rd4 Qc1 16. Bd3 Bb7 {0-1 (24) Debashis,D (2411)-Sethuraman,S (2513) Chotowa 2010}) 12... Nc6 13. Qd6 {Strongly threatening 0-0.} Qe4+ 14. Kf1 Bd7 15. b5 $1 {[%cal Rb5c6]} Ne7 $1 16. Re1 Qf4 {White must now prevent ...Nd5!} 17. Qd3 Rc8 18. Rd1 Rc7 (18... Nd5 $1 $17 19. h3 Nb6) 19. Qxc3 $11 O-O {And now ...Bxb5! would win.} 20. Qd4 (20. Rd4 $11 Qf5 21. g4) 20... Qxd4 $17 21. Rxd4 Nd5 (21... Be8 $1 $17 22. Kg1 Nd5 $1 {[%mdl 512]}) 22. Ke1 {[#]} (22. g3 $15) 22... Rfc8 (22... Bxb5 $1 $17 {[%mdl 512]} 23. Bxb5 Rc1+ 24. Rd1 Rxd1+ 25. Kxd1 Nc3+ 26. Kd2 Nxb5) 23. Kd2 $1 $11 Rc5 $36 {[%mdl 2048] Black is more active.} 24. Bd3 ({Better is} 24. Ne1 $11) 24... R8c7 (24... Be8 $15) 25. Ra1 b6 ({Reject} 25... Bxb5 26. b4 $14) 26. g3 (26. Ra3 $11) 26... Kf8 ({Black should play} 26... Bxb5 $17 27. Ke2 a5) 27. h4 $2 ({White should try} 27. Rc4 $11) 27... Bxb5 $17 28. b4 Rc3 29. Bxb5 (29. Ne1 $17 {is a better defense.} a6 30. Be4) 29... Rxf3 $19 {Black has a decisive advantage.} 30. Ke1 Rb3 31. Rad1 Ke7 32. Bc4 Rxb4 33. Bxd5 Rxd4 34. Rxd4 exd5 35. Rxd5 Ke6 {Precision: White = 22%, Black = 48%.} 0-1

[Event "Cellavision Cup 2018"]
[Site "Lund"]
[Date "2018.08.05"]
[Round "8"]
[White "Seo, Jung Min"]
[Black "Kucuksari, Kaan"]
[Result "1/2-1/2"]
[WhiteElo "2356"]
[BlackElo "2329"]
[Annotator "NA"]
[PlyCount "128"]
[EventDate "2018.08.03"]
[EventType "swiss"]
[EventCountry "SWE"]
[SourceTitle "playchess.com"]
[Source "ChessBase"]
[SourceQuality "1"]
[TimeControl "5400+30"]

1. d4 {[%emt 0:00:00]} Nf6 {[%emt 0:00:00]} 2. c4 {[%emt 0:00:00]} e6 {[%emt 0:00:00]} 3. Nf3 {[%emt 0:00:00]} d5 {[%emt 0:00:00]} 4. Nc3 {[%emt 0:00:00]} c6 {[%emt 0:00:04]} 5. e3 {[%emt 0:00:28]} Nbd7 {[%emt 0:00:08]} 6. b3 {[%emt 0:00:42]} Bd6 {[%emt 0:00:22]} 7. Be2 {[%emt 0:01:22]} Qe7 {[%emt 0:00:11]} 8. O-O {[%emt 0:00:23]} O-O {[%emt 0:00:05]} 9. Bb2 {[%emt 0:00:07]} b6 {[%emt 0:00:06]} 10. Qc2 {[%emt 0:03:06]} Bb7 {[%emt 0:00:05]} 11. Rac1 {[%emt 0:02:30]} Rac8 {[%emt 0:01:28]} 12. Rfd1 {[%emt 0:01:04]} Rfe8 {[%emt 0:05:54]} 13. e4 {[%emt 0:12:49] D45: Semi-Slav: 5 e3} (13. Bf1 a6 14. g3 c5 15. cxd5 Nxd5 16. Nxd5 Bxd5 17. e4 Bb7 18. d5 exd5 19. exd5 Ne5 20. Bg2 Nxf3+ 21. Bxf3 Rcd8 {½-½ (21) Hirneise,T (2459)-Gozzoli,Y (2569) Germany 2017}) 13... e5 $146 {[%emt 0:05:22]} ({Predecessor:} 13... dxe4 14. Nxe4 Bf4 15. Rb1 c5 16. Bd3 cxd4 17. g3 Bb8 18. Nxd4 Ng4 19. Nd2 f5 20. Re1 Nde5 {1-0 (86) Guevara Castillo,F (2339)-Peli,G (2401) ICCF email 2008}) 14. dxe5 {[%emt 0:09:55]} Nxe5 {[%emt 0:03:06]} 15. Nd4 {[%emt 0:00:58]} Bc5 {[%emt 0:07:04]} 16. exd5 {[%emt 0:11:15]} cxd5 {[%emt 0:01:54]} 17. cxd5 {[%emt 0:08:47]} Nxd5 {[%emt 0:05:08]} 18. Nxd5 {[%emt 0:02:42]} Bxd5 {[%emt 0:00:09]} 19. b4 $15 {[%emt 0:09:27]} Bxd4 {[%emt 0:05:19]} 20. Qxc8 {[%emt 0:00:06]} Bxb2 {[%emt 0:04:48]} 21. Bb5 {[%emt 0:04:54]} Rf8 {[%emt 0:06:18]} 22. Rxd5 {[%emt 0:00:12]} Qg5 {[%emt 0:08:26]} 23. Rdd1 {[%emt 0:12:01]} h6 {[%emt 0:06:43]} 24. Qc7 {[%emt 0:03:01]} Bxc1 {[%emt 0:03:27]} 25. Rxc1 {[%emt 0:00:23]} Nf3+ {[%emt 0:03:53]} 26. Kh1 {[%emt 0:00:03]} Qxb5 {[%emt 0:02:26]} 27. gxf3 {[%emt 0:00:18]} Qe2 {[%emt 0:07:47]} 28. Kg2 {[%emt 0:01:40]} Qxa2 {[%emt 0:00:13]} 29. Rd1 {[%emt 0:02:32]} Qa4 {[%emt 0:02:29]} 30. Rd4 {[%emt 0:03:08]} Re8 {[%emt 0:07:22]} 31. Rd8 {[%emt 0:10:44]} Rxd8 {[%emt 0:00:41]} 32. Qxd8+ {[%emt 0:00:03]} Kh7 {[%emt 0:00:07]} 33. Qd3+ {[%emt 0:00:01]} g6 {[%emt 0:00:03]} 34. Qd5 {[%emt 0:00:51]} Kg8 {[%emt 0:01:00]} 35. Qd8+ {[%emt 0:00:12]} Kg7 {[%emt 0:00:00]} 36. Qd4+ {[%emt 0:00:10]} Kf8 {[%emt 0:01:57]} 37. Qh8+ {[%emt 0:00:17]} Ke7 {[%emt 0:00:01]} 38. Qe5+ {[%emt 0:00:06]} Kd8 {[%emt 0:02:17]} 39. Qd6+ {[%emt 0:02:01]} Ke8 {[%emt 0:03:02]} 40. Qe5+ {[%emt 0:00:05]} Kd8 {[%emt 0:00:14]} 41. Qd6+ {[%emt 0:01:13]} Qd7 {[%emt 0:00:42]} 42. Qb8+ {[%emt 0:00:04]} Ke7 {[%emt 0:00:02]} 43. Qe5+ {[%emt 0:00:05]} Qe6 {[%emt 0:00:16]} 44. Qc7+ {[%emt 0:00:04]} Kf6 {[%emt 0:00:12]} 45. Qxa7 {[%emt 0:00:27]} Ke5 {[%emt 0:00:56]} 46. Qc7+ {[%emt 0:00:42]} Kd4 {[%emt 0:02:04]} 47. b5 {[%emt 0:00:24]} h5 {[%emt 0:00:39]} 48. Qc6 {[%emt 0:00:20]} g5 {[%emt 0:01:05]} 49. h3 {[%emt 0:00:34]} Qg6 {[%emt 0:00:42]} 50. Kg1 {[%emt 0:01:03]} Ke5 {[%emt 0:00:14]} 51. Qc7+ {[%emt 0:00:16]} Kd5 {[%emt 0:00:31]} 52. Kg2 {[%emt 0:00:13]} Kd4 {[%emt 0:02:06]} 53. Qc6 {[%emt 0:00:06]} Ke5 {[%emt 0:00:01]} 54. Qc3+ {[%emt 0:01:12]} Kd5 {[%emt 0:00:07]} 55. Qc7 {[%emt 0:00:05]} Qf6 {[%emt 0:00:17]} 56. Kg1 {[%emt 0:00:39]} h4 {[%emt 0:04:56]} 57. Kg2 {[%emt 0:00:16]} Qg6 {[%emt 0:01:22]} 58. Qc1 {[%emt 0:01:04]} Qf6 {[%emt 0:00:49]} 59. Qc7 {[%emt 0:00:18]} Qe6 {[%emt 0:00:05]} 60. Qc1 {[%emt 0:00:38]} f6 {[%emt 0:00:50]} 61. Qc7 {[%emt 0:00:29]} Qd6 {[%emt 0:00:07]} 62. Qc3 {[%emt 0:00:20]} Qc5 {[%emt 0:00:47]} 63. Qxf6 {[%emt 0:01:14]} Kc4 {[%emt 0:00:13]} 64. f4 {[%emt 0:00:48]} Qd5+ {[%emt 0:00:40]} 1/2-1/2

[Event "Cellavision Cup 2018"]
[Site "Lund"]
[Date "2018.08.05"]
[Round "8"]
[White "Bellon Lopez, Juan Manuel"]
[Black "Vernersson, Per"]
[Result "1/2-1/2"]
[WhiteElo "2342"]
[BlackElo "2290"]
[Annotator "NA"]
[PlyCount "112"]
[EventDate "2018.08.03"]
[EventType "swiss"]
[EventCountry "SWE"]
[SourceTitle "playchess.com"]
[Source "ChessBase"]
[SourceQuality "1"]
[TimeControl "5400+30"]

1. d4 {[%emt 0:02:02]} d5 {[%emt 0:00:00]} 2. Bf4 {[%emt 0:00:27]} Nf6 {[%emt 0:00:47]} 3. e3 {[%emt 0:00:26]} e6 {[%emt 0:02:26]} 4. Nd2 {[%emt 0:01:37]} Bd6 {[%emt 0:02:15]} 5. Bg3 {[%emt 0:00:20] D00: 1 d4 d5: Unusual lines} (5. Ngf3 O-O 6. Bd3 c5 7. c3 Nc6 8. Bg3 b6 9. e4 Be7 10. e5 Nh5 11. Nf1 cxd4 12. Nxd4 Nxd4 13. cxd4 g6 14. Ne3 f5 15. exf6 Bxf6 16. Be2 Nxg3 17. hxg3 {½-½ (37) Nakamura,H (2787)-Svidler,P (2760) Moscow 2018}) 5... Qe7 {[%emt 0:02:31]} 6. Ngf3 {[%emt 0:01:06]} Nbd7 {[%emt 0:03:23]} 7. Ne5 {[%emt 0:01:01]} O-O {[%emt 0:01:58]} 8. Bd3 {[%emt 0:00:31]} Ne8 {[%emt 0:09:50]} 9. c3 $146 {[%emt 0:10:39]} ({Predecessor:} 9. Qh5 g6 10. Qh6 f6 11. Nxd7 Bxd7 12. f4 Qg7 13. Qh4 g5 14. fxg5 fxg5 {0-1 (46) Brok,J (2073)-Markiewicz,J (2287) Warszawa 2017}) 9... f5 {[%emt 0:02:51]} 10. f4 {[%emt 0:04:49]} Nef6 {[%emt 0:01:28]} 11. Bh4 {[%emt 0:00:21]} Qe8 {[%emt 0:00:30]} 12. Nxd7 {[%emt 0:00:29]} Bxd7 {[%emt 0:00:27]} 13. Bxf6 {[%emt 0:00:14]} Rxf6 {[%emt 0:00:28]} 14. Nf3 {[%emt 0:05:40]} Bb5 {[%emt 0:03:39]} 15. a4 {[%emt 0:05:44]} Bxd3 {[%emt 0:00:52]} 16. Qxd3 {[%emt 0:00:30]} c5 {[%emt 0:05:11]} 17. Qb5 {[%emt 0:00:59]} Rf7 {[%emt 0:02:25]} 18. dxc5 {[%emt 0:02:04]} Qxb5 {[%emt 0:00:42]} 19. axb5 {[%emt 0:00:05]} Bxc5 {[%emt 0:00:04]} 20. Ne5 {[%emt 0:03:36]} Re7 {[%emt 0:03:16]} 21. Kd2 {[%emt 0:00:48]} Rc8 {[%emt 0:01:25]} 22. Rhc1 {[%emt 0:04:23]} Bb6 $11 {[%emt 0:02:40]} 23. Nf3 {[%emt 0:04:23]} Rc5 {[%emt 0:03:39]} 24. Nd4 {[%emt 0:00:28]} g6 {[%emt 0:02:41]} 25. b4 {[%emt 0:06:08]} Rc4 {[%emt 0:00:53]} 26. Nf3 {[%emt 0:02:04]} Kg7 {[%emt 0:02:13]} 27. Kd3 {[%emt 0:00:47]} Kf6 {[%emt 0:00:37]} 28. g3 {[%emt 0:00:55]} Rc8 {[%emt 0:00:29]} 29. h4 {[%emt 0:02:42]} h5 {[%emt 0:01:26]} 30. Ne5 {[%emt 0:01:10]} Rec7 {[%emt 0:00:51]} 31. Ra3 {[%emt 0:02:33]} Kg7 {[%emt 0:00:40]} 32. Rc2 {[%emt 0:01:10]} Kf6 {[%emt 0:00:27]} 33. c4 {[%emt 0:09:51]} dxc4+ {[%emt 0:00:35]} 34. Rxc4 {[%emt 0:01:40]} Rxc4 {[%emt 0:04:02]} 35. Nxc4 {[%emt 0:00:02]} Rd8+ {[%emt 0:00:18]} 36. Kc3 {[%emt 0:01:26]} Rd5 {[%emt 0:02:03]} 37. Nxb6 {[%emt 0:00:19]} axb6 {[%emt 0:00:13]} 38. Ra7 {[%emt 0:00:26]} Rd7 {[%emt 0:00:12]} 39. Ra8 {[%emt 0:00:20]} e5 {[%emt 0:02:07]} 40. Rf8+ {[%emt 0:02:38]} Ke7 {[%emt 0:00:46]} 41. Rg8 {[%emt 0:02:21]} Kf7 {[%emt 0:00:18]} 42. Rh8 {[%emt 0:01:53]} Kf6 {[%emt 0:01:46]} 43. Rc8 {[%emt 0:03:44]} e4 {[%emt 0:02:16]} 44. Kc4 {[%emt 0:00:03]} Ke6 {[%emt 0:02:44]} 45. Re8+ {[%emt 0:00:48]} Kf6 {[%emt 0:00:48]} 46. Re5 {[%emt 0:01:36]} Rc7+ {[%emt 0:01:00]} 47. Kd4 {[%emt 0:00:44]} Rc1 {[%emt 0:00:18]} 48. Re8 {[%emt 0:00:34]} Rd1+ {[%emt 0:00:52]} 49. Kc4 {[%emt 0:00:30]} Rd7 {[%emt 0:00:15]} 50. Rh8 {[%emt 0:02:00]} Rc7+ {[%emt 0:00:52]} 51. Kb3 {[%emt 0:00:29]} Rd7 {[%emt 0:00:07]} 52. Rc8 {[%emt 0:00:34]} Rd3+ {[%emt 0:01:03]} 53. Rc3 {[%emt 0:03:16]} Rxc3+ {[%emt 0:00:21]} 54. Kxc3 {[%emt 0:00:04]} Ke6 {[%emt 0:00:05]} 55. Kc4 {[%emt 0:00:10]} Kd6 {[%emt 0:00:05]} 56. Kd4 {[%emt 0:00:05]} Ke6 {[%emt 0:00:05] Kxe4 Ke5+} 1/2-1/2

[Event "Cellavision Cup 2018"]
[Site "Lund"]
[Date "2018.08.05"]
[Round "8"]
[White "Dragicevic, Drazen"]
[Black "Kiese, Matthias"]
[Result "1/2-1/2"]
[WhiteElo "2339"]
[BlackElo "2194"]
[Annotator "NA"]
[PlyCount "166"]
[EventDate "2018.08.03"]
[EventType "swiss"]
[EventCountry "SWE"]
[SourceTitle "playchess.com"]
[Source "ChessBase"]
[SourceQuality "1"]
[TimeControl "5400+30"]

1. Nf3 {[%emt 0:07:16]} Nf6 {[%emt 0:00:00]} 2. g3 {[%emt 0:00:10]} d5 {[%emt 0:03:58]} 3. Bg2 {[%emt 0:02:06]} Bf5 {[%emt 0:01:27]} 4. O-O {[%emt 0:02:46]} e6 {[%emt 0:00:12]} 5. c4 {[%emt 0:02:45]} c6 {[%emt 0:00:43]} 6. Qb3 {[%emt 0:02:14]} Qb6 {[%emt 0:01:35]} 7. d3 {[%emt 0:00:44]} h6 {[%emt 0:05:33]} 8. Be3 {[%emt 0:02:44]} Qxb3 {[%emt 0:01:39]} 9. axb3 {[%emt 0:00:04]} a6 {[%emt 0:00:23]} 10. Bd2 {[%emt 0:08:12]} Nbd7 {[%emt 0:06:22]} 11. b4 {[%emt 0:11:34]} Be7 {[%emt 0:17:43]} 12. b5 {[%emt 0:03:31]} cxb5 $14 {[%emt 0:04:27]} 13. cxd5 {[%emt 0:09:48]} exd5 {[%emt 0:05:03]} 14. Nd4 {[%emt 0:00:14]} Be6 {[%emt 0:03:27]} 15. Nxb5 {[%emt 0:00:47]} O-O {[%emt 0:04:41]} 16. Nd4 {[%emt 0:01:00]} Rfc8 {[%emt 0:02:16]} 17. h3 {[%emt 0:05:43]} Ne5 {[%emt 0:05:02]} 18. Na3 {[%emt 0:04:14]} Nc6 {[%emt 0:02:58]} 19. Nac2 {[%emt 0:01:10]} Nxd4 {[%emt 0:01:38]} 20. Nxd4 {[%emt 0:00:06]} Kf8 {[%emt 0:03:32]} 21. f4 {[%emt 0:02:38]} Bc5 {[%emt 0:05:33]} 22. Be3 {[%emt 0:00:07]} Bd7 {[%emt 0:03:36]} 23. Rfc1 {[%emt 0:02:00]} Ba7 {[%emt 0:04:19]} 24. Rxc8+ {[%emt 0:01:57]} Rxc8 {[%emt 0:00:28]} 25. Kf1 {[%emt 0:02:21]} h5 {[%emt 0:03:31]} 26. Ne6+ {[%emt 0:04:33]} fxe6 {[%emt 0:02:09]} 27. Bxa7 Ke7 {[%emt 0:01:02]} 28. Bd4 {[%emt 0:01:28]} g6 {[%emt 0:00:38]} 29. Kf2 {[%emt 0:00:43]} Bb5 {[%emt 0:01:05]} 30. Bf3 {[%emt 0:00:58]} Rc2 {[%emt 0:03:05]} 31. Ke1 {[%emt 0:01:08]} Rc8 {[%emt 0:00:31]} 32. Kd2 {[%emt 0:01:18]} Nd7 {[%emt 0:00:30]} 33. Ra3 {[%emt 0:06:48]} Nb8 {[%emt 0:00:53]} 34. g4 {[%emt 0:03:58]} hxg4 {[%emt 0:00:15]} 35. hxg4 {[%emt 0:00:04]} Nc6 {[%emt 0:01:08]} 36. Bc5+ {[%emt 0:01:05]} Kf7 {[%emt 0:00:29]} 37. Rc3 {[%emt 0:06:13]} Rh8 {[%emt 0:00:35]} 38. Bb6 {[%emt 0:01:16]} Rh2 {[%emt 0:01:16]} 39. Rc1 {[%emt 0:00:49]} Ke7 {[%emt 0:00:47]} 40. Bg1 {[%emt 0:01:03]} Rh3 {[%emt 0:00:38]} 41. Bc5+ {[%emt 0:00:24]} Kf7 {[%emt 0:00:14]} 42. Ke3 {[%emt 0:01:29]} Rh2 {[%emt 0:00:32]} 43. Rg1 {[%emt 0:00:29]} Kf6 {[%emt 0:00:55]} 44. Kd2 {[%emt 0:01:22]} Kf7 {[%emt 0:00:46]} 45. Ke3 {[%emt 0:00:27]} Kf6 {[%emt 0:00:06]} 46. Bd4+ {[%emt 0:00:37]} Kf7 {[%emt 0:00:18]} 47. Bc3 {[%emt 0:00:30]} Ne7 {[%emt 0:01:15]} 48. Kd4 {[%emt 0:00:22]} Nc6+ {[%emt 0:01:38]} 49. Kc5 {[%emt 0:00:17]} Ne7 {[%emt 0:02:27]} 50. Kb6 {[%emt 0:00:30]} Bc6 {[%emt 0:00:10]} 51. Be5 {[%emt 0:00:27]} d4 {[%emt 0:01:19]} 52. Bxc6 {[%emt 0:00:33]} Nxc6 {[%emt 0:00:05]} 53. Re1 {[%emt 0:00:23]} Nxe5 {[%emt 0:00:55]} 54. fxe5 {[%emt 0:00:02]} Rg2 {[%emt 0:00:19]} 55. Kxb7 {[%emt 0:00:13]} a5 {[%emt 0:00:10]} 56. Kb6 {[%emt 0:00:38]} a4 {[%emt 0:00:30]} 57. Kb5 {[%emt 0:00:58]} Rxg4 {[%emt 0:00:08]} 58. Kxa4 {[%emt 0:00:07]} Rg5 {[%emt 0:00:09]} 59. b4 {[%emt 0:00:28]} Rxe5 {[%emt 0:00:09]} 60. b5 {[%emt 0:00:06]} Ke7 {[%emt 0:00:15]} 61. Ka5 {[%emt 0:01:00]} Kd7 {[%emt 0:00:47]} 62. Ka6 {[%emt 0:00:07]} Kc7 {[%emt 0:00:51]} 63. b6+ {[%emt 0:00:57]} Kb8 {[%emt 0:00:14]} 64. Rh1 {[%emt 0:00:22]} Rh5 {[%emt 0:00:13]} 65. Rg1 {[%emt 0:00:06]} g5 {[%emt 0:00:53]} 66. Rf1 {[%emt 0:00:21]} Rh8 {[%emt 0:00:11]} 67. Rf7 {[%emt 0:00:15]} Rg8 {[%emt 0:00:32]} 68. Rb7+ {[%emt 0:00:23]} Ka8 {[%emt 0:00:21]} 69. Ra7+ {[%emt 0:00:06]} Kb8 {[%emt 0:00:06]} 70. b7 {[%emt 0:00:20]} Kc7 {[%emt 0:00:29]} 71. Ra8 {[%emt 0:00:05]} Rb8 {[%emt 0:00:07]} 72. Kb5 {[%emt 0:02:33]} Rxb7+ {[%emt 0:00:54]} 73. Kc5 {[%emt 0:01:00]} Rb2 {[%emt 0:00:57]} 74. Ra7+ {[%emt 0:00:42]} Kd8 {[%emt 0:00:38]} 75. Kd6 {[%emt 0:00:37]} Ke8 {[%emt 0:01:19]} 76. Rg7 {[%emt 0:00:33]} Rxe2 {[%emt 0:00:24]} 77. Rxg5 {[%emt 0:00:26]} Kf7 {[%emt 0:01:18]} 78. Rg4 {[%emt 0:00:35]} e5 {[%emt 0:00:22]} 79. Kd5 {[%emt 0:00:27]} Kf6 {[%emt 0:00:15]} 80. Rg8 {[%emt 0:00:28]} Re3 {[%emt 0:00:28]} 81. Rf8+ {[%emt 0:00:18]} Kg6 {[%emt 0:00:54]} 82. Re8 {[%emt 0:00:28]} Kf6 {[%emt 0:00:34]} 83. Rf8+ {[%emt 0:00:06]} Kg6 {Kxe5} 1/2-1/2